| 000 | 004380000a22001690004500 | ||
|---|---|---|---|
| 003 | MACL | ||
| 005 | 20151017121642.0 | ||
| 008 | 151017b xxu||||| |||| 00| 0 eng d | ||
| 040 |
_aMACL _cMACL |
||
| 041 | _aEnglish | ||
| 082 | _a920/MEE | ||
| 100 |
_aMeer, Fatima _915587 |
||
| 245 |
_aHigher Than Hope _bThe Authorized Biography of Nelson Mandela |
||
| 260 |
_bPenguin Books _c1990 |
||
| 650 |
_aBiography _915588 |
||
| 942 |
_cBK _k920 _2ddc |
||
| 999 |
_c4232 _d4232 |
||